[Event "22e tournoi de Noël"]
[Site "Montigny le Bretonneux"]
[Date "2023.12.27"]
[Round "1.1"]
[White "Couradin, Jean-Marie"]
[Black "Lim, Chin"]
[Result "0-1"]
[WhiteElo "1410"]
[BlackElo "1885"]
[Annotator "Rivier,Sylvain"]
[PlyCount "40"]
[EventDate "2023.??.??"]
[WhiteTeam "La Dame Noire"]
[BlackTeam "La Dame Noire"]

{Défense française, variante d'échange} 1. e4 e6 2. d4 d5 3. exd5 exd5 4.
Bd3 Bd6 5. Ne2 c6 6. Bf4 Nf6 7. Nd2 a5 8. a4 O-O 9. O-O Bg4 10. f3 Bh5 11. Bxd6
Qxd6 12. c3 Qe7 13. Re1 Qe3+ 14. Kh1 Qxd3 15. Nf4 Qf5 16. Nxh5 Qxh5 17. Re5 Qg6
18. Qe2 Nbd7 19. Re7 Rfe8 20. Re1 Rxe7 0-1

[Event "22e tournoi de Noël"]
[Site "Montigny le Bretonneux"]
[Date "2023.12.27"]
[Round "1.2"]
[White "Imbert, Christophe"]
[Black "Martin, Gabriel"]
[Result "1/2-1/2"]
[WhiteElo "1811"]
[BlackElo "1400"]
[Annotator "Rivier,Sylvain"]
[PlyCount "96"]
[EventDate "2023.??.??"]
[WhiteTeam "Club d'Echecs du Vesinet"]
[BlackTeam "Club d'Echecs d'Orsay"]

{Défense sicilienne, système fermé} 1. e4 c5 2. Nc3 a6 3. g3 b5 4. Bg2 Bb7
5. d3 Nf6 6. Be3 e6 7. Nf3 d5 8. exd5 Nxd5 9. O-O Be7 10. Ne4 Nd7 11. Qd2 O-O
12. c4 Nxe3 13. Qxe3 Qc7 14. cxb5 axb5 15. Rfc1 Rac8 16. Rc2 Bxe4 17. dxe4 e5
18. a4 Ra8 19. b3 Qc6 20. Bf1 bxa4 21. b4 Qb6 22. b5 Ra7 23. Bc4 Qc7 24. Rca2
Rfa8 25. Bd5 Nb6 26. Bxa8 Rxa8 27. Qc3 Rd8 28. Rxa4 Nxa4 29. Rxa4 f6 30. Qc4+
Kf8 31. Ra6 Rb8 32. Qa4 Qb7 33. b6 Qc8 34. Qb5 Qe8 35. Qb3 Qc6 36. Nd2 Bd8 37.
Ra7 Be7 38. b7 Bd8 39. f3 c4 40. Nxc4 Qc5+ 41. Qe3 Bb6 42. Ra8 Qxe3+ 43. Nxe3
Bxe3+ 44. Kg2 Ba7 45. Rxa7 Ke7 46. Kf2 Kd7 47. Ke2 Kc7 48. Ra8 Kxb7 1/2-1/2

[Event "22e tournoi de Noël"]
[Site "Montigny le Bretonneux"]
[Date "2023.12.27"]
[Round "1.3"]
[White "Imbert, Nicolas"]
[Black "Appavou, Calixte"]
[Result "0-1"]
[WhiteElo "1399"]
[BlackElo "1747"]
[Annotator "Rivier,Sylvain"]
[PlyCount "74"]
[EventDate "2023.??.??"]
[WhiteTeam "Saint-Quentin en Yvelines"]
[BlackTeam "Saint-Quentin en Yvelines"]

{Partie du pion dame} 1. d4 d5 2. Bf4 c6 3. e3 Qb6 4. b3 Bf5 5. Nf3 e6 6. Nbd2
Nf6 7. Be2 Be7 8. Nh4 Bg6 9. Nxg6 hxg6 10. h3 Nbd7 11. c4 c5 12. Nf3 cxd4 13.
exd4 Bb4+ 14. Bd2 Bxd2+ 15. Qxd2 Ne4 16. Qc2 Qb4+ 17. Nd2 Ndf6 18. Rd1 O-O 19.
O-O Rac8 20. Bd3 Nxd2 21. Qxd2 Qxd2 22. Rxd2 a5 23. c5 Rc7 24. Rc2 Rfc8 25.
Rfc1 Kf8 26. a3 Nd7 27. f4 Ke7 28. Kf2 b6 29. b4 axb4 30. axb4 bxc5 31. bxc5
Rb8 32. g4 Rb4 33. Ke3 Nb8 34. Ra1 Nc6 35. Ra6 Nxd4 36. Rc3 Nb3 37. c6 d4+ 0-1

[Event "22e tournoi de Noël"]
[Site "Montigny le Bretonneux"]
[Date "2023.12.27"]
[Round "1.4"]
[White "Kvashyna, Tetyana"]
[Black "Taieb, Cedric"]
[Result "1-0"]
[WhiteElo "1708"]
[BlackElo "1399"]
[Annotator "Rivier,Sylvain"]
[PlyCount "71"]
[EventDate "2023.??.??"]
[WhiteTeam "Arcueil Chessland"]
[BlackTeam "Saint-Quentin en Yvelines"]

{Partie du pion dame} 1. d4 d5 2. Nf3 Bf5 3. e3 Nf6 4. Bd3 Bg6 5. Ne5 Nbd7 6.
Nxg6 hxg6 7. f4 e6 8. Nd2 c5 9. c3 Qc7 10. Nf3 c4 11. Bc2 Bd6 12. Ne5 Nb6 13.
Qf3 Bxe5 14. fxe5 Nh7 15. e4 O-O-O 16. exd5 exd5 17. Bf4 Qc6 18. a4 Nf8 19. a5
Nbd7 20. Ba4 Qa6 21. O-O Nh7 22. b3 g5 23. Bg3 f6 24. bxc4 fxe5 25. cxd5 Qd6
26. dxe5 Nxe5 27. Qf5+ Rd7 28. Bxd7+ Qxd7 29. Qxe5 Kd8 30. Qb8+ Qc8 31. Bc7+
Kd7 32. Rf7+ Ke8 33. Qxc8+ Kxf7 34. Qxh8 Nf6 35. d6 Nd5 36. d7 1-0

[Event "22e tournoi de Noël"]
[Site "Montigny le Bretonneux"]
[Date "2023.12.27"]
[Round "1.5"]
[White "Durez, Gerard"]
[Black "Artieres, Michel"]
[Result "0-1"]
[WhiteElo "1378"]
[BlackElo "1665"]
[Annotator "Rivier,Sylvain"]
[PlyCount "110"]
[EventDate "2023.??.??"]
[WhiteTeam "La Dame Noire"]
[BlackTeam "La Dame Noire"]

{Défense Philidor} 1. Nc3 e5 2. Nf3 d6 3. e4 Nf6 4. Be2 Be7 5. O-O O-O 6. d4
Nbd7 7. Bg5 c6 8. Bxf6 Bxf6 9. d5 Qc7 10. Qd2 Re8 11. Rad1 Be7 12. a3 f5 13.
dxc6 bxc6 14. Bc4+ Kh8 15. b4 fxe4 16. Ng5 Bxg5 17. Qxg5 d5 18. Bb3 Nf6 19.
Rfe1 Be6 20. Na4 Rad8 21. Nc5 Bf7 22. h3 Bg6 23. Qh4 Qe7 24. c3 Nd7 25. Qxe7
Rxe7 26. Nxd7 Rexd7 27. Ba4 Rd6 28. Bc2 Kg8 29. g4 h5 30. Kg2 Kf7 31. Kg3 Ke7
32. g5 Rf8 33. Re3 d4 34. cxd4 exd4 35. Ree1 Rf3+ 36. Kg2 d3 37. Bb3 Rd8 38.
Rd2 Kd6 39. Rc1 Rdf8 40. Ba4 Rc8 41. Bd1 Rf5 42. h4 c5 43. bxc5+ Rcxc5 44. Rb1
Rb5 45. Ra1 Rfc5 46. Raa2 Ke5 47. a4 Rb4 48. Rab2 Rcc4 49. Rxb4 Rxb4 50. Kf1
Kd4 51. Ke1 Bf7 52. Kf1 Rb1 53. Kg2 Kc3 54. Bxh5 Bxh5 55. Ra2 d2 0-1

[Event "22e tournoi de Noël"]
[Site "Montigny le Bretonneux"]
[Date "2023.12.27"]
[Round "1.6"]
[White "Claisse, Patrick"]
[Black "Ralitera, Haja"]
[Result "1-0"]
[WhiteElo "1659"]
[BlackElo "1362"]
[Annotator "Rivier,Sylvain"]
[PlyCount "27"]
[EventDate "2023.??.??"]
[WhiteTeam "CE Le Roi Soleil - Le Chesnay - Versailles"]
[BlackTeam "Villepreux"]

{Défense Pirc, variante classique} 1. e4 d6 2. d4 Nf6 3. Nc3 g6 4. Nf3 Bg7 5.
Be2 O-O 6. O-O e5 7. dxe5 dxe5 8. Bg5 Qxd1 9. Raxd1 Be6 10. Nd5 Nxd5 11. exd5
Bf5 12. c4 Nd7 13. Rfe1 Nc5 14. Be7 1-0

[Event "22e tournoi de Noël"]
[Site "Montigny le Bretonneux"]
[Date "2023.12.27"]
[Round "1.7"]
[White "Barthere, Gilles"]
[Black "Weens, William"]
[Result "0-1"]
[WhiteElo "1353"]
[BlackElo "1643"]
[Annotator "Rivier,Sylvain"]
[PlyCount "88"]
[EventDate "2023.??.??"]
[WhiteTeam "CE Le Roi Soleil - Le Chesnay - Versailles"]
[BlackTeam "ECHECS 78"]

{Défense sicilienne, variante Najdorf} 1. e4 c5 2. Nf3 d6 3. d4 cxd4 4. Nxd4
Nf6 5. Nc3 a6 6. Bg5 e6 7. f4 Be7 8. Be2 Qc7 9. Qd2 h6 10. Bxf6 Bxf6 11. O-O-O
O-O 12. h4 e5 13. Nd5 Qd8 14. Nxf6+ Qxf6 15. Nf3 exf4 16. Qxd6 Be6 17. Qe5 Qe7
18. b3 Nc6 19. Qd6 Qf6 20. e5 Qg6 21. Rhg1 Rad8 22. Qc5 Rxd1+ 23. Bxd1 Rc8 24.
Qf2 Nb4 25. Kb2 Bf5 26. Nd4 Bxc2 27. Qd2 Nd3+ 28. Ka1 Bxd1 29. Rxd1 Nxe5 30.
Qxf4 Nc6 31. Nxc6 Qxc6 32. Qf2 Qe6 33. Kb2 b5 34. Rd2 Qc6 35. Rc2 Qxc2+ 36.
Qxc2 Rxc2+ 37. Kxc2 g5 38. hxg5 hxg5 39. Kd3 f5 40. Kd4 Kf7 41. Ke5 Kg6 42. g3
b4 43. Kd4 Kh5 44. Ke5 Kg4 0-1

[Event "22e tournoi de Noël"]
[Site "Montigny le Bretonneux"]
[Date "2023.12.27"]
[Round "1.9"]
[White "Couradin, Bruno"]
[Black "Kunne, Ronald"]
[Result "0-1"]
[WhiteElo "1338"]
[BlackElo "1587"]
[Annotator "Rivier, Sylvain"]
[PlyCount "108"]
[EventDate "2023.??.??"]
[WhiteTeam "La Dame Noire"]
[BlackTeam "Club d'Echecs d'Orsay"]

{Défense française, variante d'échange} 1. e4 e6 2. Nf3 d5 3. exd5 exd5 4.
d4 Bd6 5. Bd3 Bg4 6. O-O Nc6 7. Nc3 Nxd4 8. Re1+ Ne7 9. Be2 Nxe2+ 10. Rxe2 Bxf3
11. gxf3 c6 12. Bg5 f6 13. Bh4 O-O 14. Bg3 Nf5 15. Re6 Nxg3 16. fxg3 Be5 17. f4
Qd7 18. f5 Rfe8 19. Rxe8+ Rxe8 20. Qf3 Bd4+ 21. Kg2 Re5 22. g4 Qe7 23. Rd1 Bxc3
24. Qxc3 Re2+ 25. Kg1 Qe3+ 26. Qxe3 Rxe3 27. Kf2 Re4 28. h3 Kf7 29. Rd3 Rc4 30.
c3 Re4 31. Kf3 Ke7 32. b3 b5 33. Re3 Rxe3+ 34. Kxe3 Kd6 35. b4 Ke5 36. a3 h5
37. Kf3 hxg4+ 38. hxg4 d4 39. cxd4+ Kxd4 40. Ke2 c5 41. bxc5 Kxc5 42. Kd3 a5
43. Kc3 Kd5 44. Kd3 Ke5 45. Ke3 b4 46. axb4 axb4 47. Kd3 Kf4 48. Kc4 Kxg4 49.
Kxb4 Kxf5 50. Kc4 Ke4 51. Kc3 Ke3 52. Kc2 g5 53. Kd1 Kf2 54. Kd2 g4 0-1

[Event "22e tournoi de Noël"]
[Site "Montigny le Bretonneux"]
[Date "2023.12.27"]
[Round "1.10"]
[White "Gauthier, Arnaud"]
[Black "Bouloc, Roger"]
[Result "1-0"]
[WhiteElo "1566"]
[BlackElo "1335"]
[Annotator "Rivier, Sylvain"]
[PlyCount "63"]
[EventDate "2023.??.??"]
[WhiteTeam "C.E. Fontenay le Fleury Les Fous Furieux"]
[BlackTeam "La Dame Noire"]

{Gambit dame, défense orthodoxe} 1. d4 d5 2. c4 e6 3. Nc3 Nf6 4. Nf3 Nbd7 5.
Bg5 Be7 6. e3 O-O 7. Bd3 h6 8. Bh4 b6 9. Rc1 Bb7 10. cxd5 Nxd5 11. Bg3 Nxc3 12.
bxc3 Bf6 13. O-O Re8 14. Bb5 c6 15. Ba4 b5 16. Bb3 a5 17. Qd3 g6 18. a4 b4 19.
Rfd1 c5 20. cxb4 Bxf3 21. gxf3 cxb4 22. Rc7 Rc8 23. Rdc1 Rxc7 24. Rxc7 e5 25.
Qxg6+ Kh8 26. Qxh6+ Kg8 27. Qg6+ Kh8 28. Qh6+ Kg8 29. Rxd7 Qxd7 30. Qxf6 Qc7
31. Bxe5 Qc1+ 32. Kg2 1-0

[Event "22e tournoi de Noël"]
[Site "Montigny le Bretonneux"]
[Date "2023.12.27"]
[Round "1.11"]
[White "Rauche, Michel"]
[Black "Duget, Long Jc"]
[Result "0-1"]
[WhiteElo "1308"]
[BlackElo "1544"]
[Annotator "Rivier,Sylvain"]
[PlyCount "84"]
[EventDate "2023.??.??"]
[WhiteTeam "C.E. Fontenay le Fleury Les Fous Furieux"]
[BlackTeam "ECHECS 78"]

{Défense hollandaise, variante Stonewall} 1. d4 f5 2. c4 Nf6 3. Nc3 e6 4. g3
c6 5. Bg2 d5 6. c5 Be7 7. Nf3 O-O 8. O-O Ne4 9. Ne5 Nd7 10. f4 Ndf6 11. e3 Bd7
12. Qc2 Be8 13. Rb1 h5 14. Bd2 g6 15. b4 a6 16. a4 Ng4 17. Nxe4 dxe4 18. Nxg4
hxg4 19. Bc3 Bf6 20. Rf2 Qe7 21. Bf1 Rd8 22. Bc4 Bf7 23. b5 axb5 24. axb5 Ra8
25. Qb3 Rfb8 26. Rfb2 cxb5 27. Qxb5 Kg7 28. Qb3 Kh6 29. Qd1 Be8 30. Ra1 Bc6 31.
Rba2 Rxa2 32. Rxa2 b5 33. Bb3 Bg7 34. Ra6 Qd7 35. Qa1 b4 36. Bd2 Bd5 37. Bxd5
Qxd5 38. c6 b3 39. Bc3 Qc4 40. Qb2 Qxa6 41. c7 Rc8 42. Qxb3 Rxc7 0-1

[Event "22e tournoi de Noël"]
[Site "Montigny le Bretonneux"]
[Date "2023.12.27"]
[Round "1.12"]
[White "Nicol, Christian"]
[Black "Prevost, Yvan"]
[Result "1/2-1/2"]
[WhiteElo "1534"]
[BlackElo "1272"]
[Annotator "Rivier,Sylvain"]
[PlyCount "129"]
[EventDate "2023.??.??"]
[WhiteTeam "Saint-Quentin en Yvelines"]
[BlackTeam "Club d'Echecs de Guyancourt"]

{Partie du pion dame} 1. d4 d5 2. Bf4 Nf6 3. e3 c6 4. h3 Qb6 5. b3 e6 6. Nf3
Nbd7 7. c3 c5 8. Nbd2 Bd6 9. Ne5 Bxe5 10. dxe5 Ng8 11. Bd3 Ne7 12. Qg4 Rg8 13.
Bxh7 Rf8 14. Qxg7 Nf5 15. Bxf5 exf5 16. O-O Qg6 17. Qxg6 fxg6 18. c4 Nb6 19.
Rad1 Be6 20. cxd5 Nxd5 21. Nc4 b6 22. f3 Kf7 23. Bg5 Kg8 24. e4 Nc3 25. Rd6
Bxc4 26. bxc4 fxe4 27. Rxg6+ Kh7 28. Rh6+ Kg7 29. Rc6 Ne2+ 30. Kh2 Nd4 31. Rd6
exf3 32. Bh6+ Kg8 33. Bxf8 Rxf8 34. Rf6 Rxf6 35. exf6 Kf7 36. gxf3 Kxf6 37. h4
Nf5 38. Kh3 Ne3 39. Rg1 Nxc4 40. h5 Ne5 41. f4 Nf7 42. Rg6+ Kf5 43. Rc6 Nd8 44.
h6 Nxc6 45. h7 Kxf4 46. h8=Q Ke4 47. Qc8 Ne5 48. Qa8+ Kd4 49. Qxa7 b5 50. Kg3
Nd3 51. Qg7+ Kc4 52. Qf7+ Kd4 53. Qb3 b4 54. a3 c4 55. Qd1 b3 56. Kf3 Kc3 57.
Ke3 b2 58. a4 Kb4 59. Kd4 Nc1 60. Qc2 Nb3+ 61. Kd5 c3 62. Ke4 Nd2+ 63. Kd4 b1=Q
64. Qxc3+ Kxa4 65. Qxd2 1/2-1/2

[Event "22e tournoi de Noël"]
[Site "Montigny le Bretonneux"]
[Date "2023.12.27"]
[Round "1.13"]
[White "Lanfant, Kevin"]
[Black "Mourgues, Joelle"]
[Result "0-1"]
[WhiteElo "1213"]
[BlackElo "1522"]
[Annotator "Rivier,Sylvain"]
[PlyCount "52"]
[EventDate "2023.??.??"]
[WhiteTeam "La Dame Noire"]
[BlackTeam "Saint-Quentin en Yvelines"]

{Défense est-indienne, variante orthodoxe} 1. d4 Nf6 2. c4 d6 3. Nc3 g6 4. e4
Bg7 5. Nf3 c6 6. Be2 O-O 7. O-O Nbd7 8. h3 e5 9. d5 Qc7 10. Qc2 a5 11. Be3 Nh5
12. Qd2 Nhf6 13. Rfc1 Re8 14. Rd1 c5 15. Nb5 Qb8 16. Ne1 Nxe4 17. Qc2 f5 18.
Bd3 Ndf6 19. Bg5 Nxg5 20. h4 Nf7 21. g3 Bd7 22. Ng2 e4 23. Bf1 Ng4 24. Re1 Bxb5
25. cxb5 Bd4 26. Qd2 Bxf2+ 0-1

[Event "22e tournoi de Noël"]
[Site "Montigny le Bretonneux"]
[Date "2023.12.27"]
[Round "1.14"]
[White "Moula, Guillaume"]
[Black "Garabedian, Christophe"]
[Result "1-0"]
[WhiteElo "1514"]
[BlackElo "1199"]
[Annotator "Rivier, Sylvain"]
[PlyCount "53"]
[EventDate "2023.??.??"]
[WhiteTeam "La Dame Noire"]
[BlackTeam "La Dame Noire"]

{Défense Caro-Kann, variante d'échange} 1. e4 c6 2. d4 d5 3. exd5 cxd5 4. c4
Nf6 5. Nc3 Bg4 6. Be2 dxc4 7. Bxg4 e6 8. Bf3 Nd5 9. Qa4+ Nc6 10. Qxc4 Bb4 11.
Nge2 O-O 12. O-O Na5 13. Qd3 Rc8 14. Nxd5 exd5 15. Bf4 Nc4 16. a3 Ba5 17. b3
Nd6 18. Rac1 Bc7 19. Bxd5 b6 20. Rc6 Re8 21. Rfc1 Re7 22. Bxd6 Rd7 23. Bxc7
Rcxc7 24. Qc4 b5 25. Bxf7+ Kf8 26. Qc5+ Kxf7 27. Rxc7 1-0

[Event "22e tournoi de Noël"]
[Site "Montigny le Bretonneux"]
[Date "2023.12.27"]
[Round "1.15"]
[White "Laot, Celestin"]
[Black "Guimbault, Axel"]
[Result "0-1"]
[WhiteElo "1199"]
[BlackElo "1510"]
[Annotator "Rivier,Sylvain"]
[PlyCount "72"]
[EventDate "2023.??.??"]
[WhiteTeam "Club d'Echecs de Triel sur Seine"]
[BlackTeam "Caen Alekhine"]

{Défense néo-Grunfeld} 1. d4 Nf6 2. c4 g6 3. Nc3 d5 4. cxd5 Nxd5 5. Nf3 Bg7
6. g3 O-O 7. Bg2 c5 8. e3 Nc6 9. O-O Nxc3 10. bxc3 Qc7 11. Ba3 b6 12. dxc5 Ba6
13. Re1 Bxc3 14. Rc1 Bxe1 15. Qxe1 Rac8 16. Qc3 bxc5 17. Bb2 f6 18. Ng5 Qe5 19.
Qxe5 Nxe5 20. Bxe5 fxe5 21. Bd5+ Kh8 22. Nf7+ Kg7 23. Ng5 Rf6 24. Ne6+ Kh8 25.
Ng5 c4 26. Nf7+ Kg7 27. Nxe5 Rc5 28. e4 Rd6 29. Nxc4 Rdxd5 30. exd5 Rxc4 31.
Rxc4 Bxc4 32. a3 Bxd5 33. f4 Kf6 34. Kf2 Kf5 35. Ke3 Kg4 36. Kd4 e6 0-1

[Event "22e tournoi de Noël"]
[Site "Montigny le Bretonneux"]
[Date "2023.12.27"]
[Round "1.16"]
[White "Longbien, Dominique"]
[Black "Neveu, Raphael"]
[Result "1-0"]
[WhiteElo "1470"]
[BlackElo "1199"]
[Annotator "Rivier,Sylvain"]
[PlyCount "59"]
[EventDate "2023.??.??"]
[WhiteTeam "La Dame Noire"]
[BlackTeam "La Dame Noire"]

{Partie espagnole, défense Morphy} 1. e4 e5 2. Nf3 Nc6 3. Bb5 a6 4. Ba4 Nf6 5.
O-O b5 6. Bb3 Bc5 7. Re1 d6 8. h3 O-O 9. c3 Bb7 10. d4 Bb6 11. Bg5 h6 12. Bh4
g5 13. Bg3 exd4 14. cxd4 Ne7 15. Nc3 b4 16. Na4 Nxe4 17. Nxb6 cxb6 18. Bh2 Ng6
19. Qd3 d5 20. Ne5 Nxe5 21. Bxe5 f6 22. Qxe4 fxe5 23. Qg6+ Kh8 24. Qxh6+ Kg8
25. Rxe5 Kf7 26. Qh5+ Kg7 27. Rxg5+ Kf6 28. Re1 Rg8 29. Rf5+ Kg7 30. Qg4+ 1-0

[Event "22e tournoi de Noël"]
[Site "Montigny le Bretonneux"]
[Date "2023.12.27"]
[Round "1.17"]
[White "Phelippot, Gabriel"]
[Black "Richecoeur, Clemence"]
[Result "1-0"]
[WhiteElo "1199"]
[BlackElo "1463"]
[Annotator "Rivier,Sylvain"]
[PlyCount "87"]
[EventDate "2023.??.??"]
[WhiteTeam "Kamogawa Chess Club"]
[BlackTeam "CE Le Roi Soleil - Le Chesnay - Versailles"]

{Défense Pirc, variante classique} 1. e4 d6 2. d4 g6 3. Nf3 Bg7 4. Bg5 Nf6 5.
Nc3 c6 6. Bc4 Qb6 7. Bb3 Bg4 8. h3 Bxf3 9. gxf3 Nfd7 10. Qd2 Bxd4 11. Na4 Bxf2+
12. Qxf2 Qxf2+ 13. Kxf2 Na6 14. Be3 b5 15. Nc3 Ndc5 16. Bxc5 Nxc5 17. Ne2 Nxb3
18. axb3 O-O 19. Nd4 Rfc8 20. Ra6 Rc7 21. Rxc6 Rxc6 22. Nxc6 Kf8 23. Ra1 Rc8
24. Nb4 Rc7 25. Ke3 f6 26. Kd3 Kf7 27. Ra5 Rb7 28. Nc6 Rc7 29. Nxa7 b4 30. Nb5
Rc5 31. c4 bxc3 32. bxc3 Rh5 33. Ke3 Rxh3 34. Nd4 h5 35. Ra1 g5 36. b4 g4 37.
b5 e5 38. b6 exd4+ 39. Kxd4 Rh2 40. Rb1 gxf3 41. b7 Rg2 42. b8=Q f2 43. Ke3 Kg6
44. Qg8+ 1-0

[Event "22e tournoi de Noël"]
[Site "Montigny le Bretonneux"]
[Date "2023.12.27"]
[Round "1.18"]
[White "Corbillet, Mathieu"]
[Black "Un, Prathna"]
[Result "1-0"]
[WhiteElo "1460"]
[BlackElo "1199"]
[Annotator "Rivier,Sylvain"]
[PlyCount "75"]
[EventDate "2023.??.??"]
[WhiteTeam "La Dame Noire"]
[BlackTeam "La Dame Noire"]

{Défense française, variante d'échange} 1. e4 Nf6 2. e5 Nd5 3. d4 e6 4. Bc4
Be7 5. Nf3 O-O 6. c3 Nc6 7. O-O d6 8. Bxd5 exd5 9. Bf4 Bg4 10. Re1 f6 11. e6
Qc8 12. Qb3 Bxe6 13. Nbd2 Na5 14. Qa4 b6 15. b4 Rb8 16. bxa5 bxa5 17. Qxa5 c5
18. c4 dxc4 19. d5 Bd8 20. Qc3 Bxd5 21. Bxd6 Bc7 22. Bxf8 Qxf8 23. Nxc4 Qf7 24.
Ne3 Qh5 25. Nxd5 Qxd5 26. Rab1 Qxa2 27. Rxb8+ Bxb8 28. Re8+ Kf7 29. Rxb8 c4 30.
h3 a5 31. Ra8 a4 32. Qb4 Qa1+ 33. Kh2 c3 34. Qc4+ Kg6 35. Rxa4 Qc1 36. Qg4+ Kf7
37. Ra7+ Kf8 38. Qc8# 1-0

[Event "22e tournoi de Noël"]
[Site "Montigny le Bretonneux"]
[Date "2023.12.27"]
[Round "1.20"]
[White "Selores Granjo, Gilberto"]
[Black "Marandas, Yanis"]
[Result "1-0"]
[WhiteElo "1423"]
[BlackElo "1099"]
[Annotator "Rivier,Sylvain"]
[PlyCount "33"]
[EventDate "2023.??.??"]
[WhiteTeam "C.E. Fontenay le Fleury Les Fous Furieux"]
[BlackTeam "Reims Echec et Mat"]

{Défense sicilienne, système fermé} 1. e4 c5 2. Nc3 Nc6 3. f4 d6 4. Bc4 e5
5. f5 Nf6 6. Nf3 g6 7. fxg6 hxg6 8. d3 Bg4 9. O-O Nd4 10. Bg5 Bg7 11. Qd2 Bxf3
12. gxf3 a6 13. f4 Qd7 14. fxe5 Ng4 15. Bxf7+ Qxf7 16. Rxf7 Kxf7 17. Qf4+ 1-0

[Event "22e tournoi de Noël"]
[Site "Montigny le Bretonneux"]
[Date "2023.12.27"]
[Round "1.21"]
[White "Carbonero, Jean Marc"]
[Black "Perrier-Perrery, Philippe"]
[Result "0-1"]
[WhiteElo "1009"]
[BlackElo "1419"]
[Annotator "Rivier,Sylvain"]
[PlyCount "46"]
[EventDate "2023.??.??"]
[WhiteTeam "Saint-Quentin en Yvelines"]
[BlackTeam "Ste Foy Echecs"]

{Défense sicilienne} 1. e4 c5 2. Bc4 e6 3. d3 a6 4. Be3 b5 5. Bxe6 dxe6 6. d4
Nf6 7. e5 Nd5 8. Qf3 Bb7 9. Nd2 Qc7 10. Ne2 Nb4 11. Ne4 Nxc2+ 12. Kd2 Nxa1 13.
Rxa1 Nc6 14. dxc5 Nxe5 15. Qf4 Nc4+ 16. Kc3 Qxf4 17. Bxf4 Bxe4 18. f3 Bd5 19.
Nd4 Bxc5 20. b4 Bxd4+ 21. Kxd4 O-O 22. a4 Rfd8 23. a5 Bxf3+ 0-1

[Event "22e tournoi de Noël"]
[Site "Montigny le Bretonneux"]
[Date "2023.12.27"]
[Round "2.2"]
[White "Appavou, Calixte"]
[Black "Longbien, Dominique"]
[Result "1-0"]
[WhiteElo "1747"]
[BlackElo "1470"]
[Annotator "Rivier,Sylvain"]
[PlyCount "65"]
[EventDate "2023.??.??"]
[WhiteTeam "Saint-Quentin en Yvelines"]
[BlackTeam "La Dame Noire"]

{Partie écossaise} 1. e4 e5 2. Nf3 Nc6 3. d4 exd4 4. Nxd4 Qf6 5. Be3 a6 6. Be2
Bc5 7. c3 Nge7 8. O-O O-O 9. f4 d6 10. a4 Bd7 11. Na3 Rfe8 12. Bf3 Ng6 13. g3
Bh3 14. Re1 Nxd4 15. Bxd4 Bxd4+ 16. cxd4 c5 17. e5 dxe5 18. dxe5 Qf5 19. Nc4
Qe6 20. Nd6 Re7 21. Bxb7 Rxb7 22. Nxb7 Qc6 23. Qe2 Qxb7 24. Rac1 Qb6 25. Rc2
Rc8 26. Rc3 Qb4 27. f5 Ne7 28. f6 gxf6 29. exf6 Nf5 30. Rf3 h5 31. Rf4 Nd4 32.
Qe3 Qxa4 33. Rg4+ 1-0

[Event "22e tournoi de Noël"]
[Site "Montigny le Bretonneux"]
[Date "2023.12.27"]
[Round "2.3"]
[White "Duget, Long Jc"]
[Black "Kvashyna, Tetyana"]
[Result "0-1"]
[WhiteElo "1544"]
[BlackElo "1708"]
[Annotator "Rivier,Sylvain"]
[PlyCount "122"]
[EventDate "2023.??.??"]
[WhiteTeam "ECHECS 78"]
[BlackTeam "Arcueil Chessland"]

{Partie espagnole, défense fermée} 1. e4 e5 2. Nf3 Nc6 3. Bb5 a6 4. Ba4 Nf6
5. O-O Be7 6. Re1 b5 7. Bb3 d6 8. c3 O-O 9. d4 exd4 10. cxd4 Bg4 11. Be3 Na5
12. Bc2 Nc4 13. Bc1 c5 14. b3 Nb6 15. Bb2 Qc7 16. Nbd2 Rfe8 17. h3 Bh5 18. Rc1
h6 19. Nf1 Qb7 20. g4 Bg6 21. d5 Nfd7 22. Ng3 Bf6 23. Bxf6 Nxf6 24. g5 hxg5 25.
Nxg5 Qe7 26. h4 Qe5 27. Qd2 Nh5 28. Nxh5 Bxh5 29. Bd1 Bxd1 30. Rcxd1 Nd7 31. f4
Qf6 32. Rf1 Qh6 33. Qh2 Nf6 34. Rde1 Ra7 35. Rf3 Rd7 36. Rd3 Rde7 37. e5 Ng4
38. Qg3 Qh5 39. e6 f6 40. Ne4 Rd8 41. Rf1 f5 42. Nf2 Nxf2 43. Kxf2 Rc8 44. Qg5
Qxg5 45. hxg5 g6 46. Rh3 Rh7 47. Rxh7 Kxh7 48. e7 Kg7 49. Re1 Kf7 50. Re6 a5
51. Ke2 Re8 52. Rxd6 Rxe7+ 53. Kd2 Re4 54. Rf6+ Kg7 55. d6 Rxf4 56. a3 Rd4+ 57.
Kc3 b4+ 58. axb4 axb4+ 59. Kc2 f4 60. d7 Rxd7 61. Rxf4 Rd5 {suite illisible}
0-1

[Event "22e tournoi de Noël"]
[Site "Montigny le Bretonneux"]
[Date "2023.12.27"]
[Round "2.4"]
[White "Artieres, Michel"]
[Black "Corbillet, Mathieu"]
[Result "1-0"]
[WhiteElo "1665"]
[BlackElo "1460"]
[Annotator "Rivier,Sylvain"]
[PlyCount "75"]
[EventDate "2023.??.??"]
[WhiteTeam "La Dame Noire"]
[BlackTeam "La Dame Noire"]

{Partie italienne, gambit Evans} 1. e4 e5 2. Nf3 Nc6 3. Bc4 Bc5 4. b4 Bxb4 5.
c3 Ba5 6. d4 d6 7. Qb3 Qe7 8. d5 Nd8 9. Qa4+ Bd7 10. Qxa5 b6 11. Qa3 h6 12. Be3
Nf6 13. Nbd2 a5 14. Qb2 O-O 15. O-O Rb8 16. Bd3 b5 17. Rfe1 a4 18. Qc2 c5 19.
Rab1 Rb7 20. a3 c4 21. Be2 Nh7 22. Nxc4 bxc4 23. Bxc4 Qe8 24. Bb6 f6 25. Ba6
Rb8 26. Bc7 Ra8 27. Rb6 Nf7 28. Nh4 Rxa6 29. Rxa6 Qc8 30. Ra7 g5 31. Ng6 Bb5
32. Ne7+ Kg7 33. Nxc8 Rxc8 34. Rb1 Be8 35. Rb8 Rxb8 36. Bxb8 Kg6 37. Qe2 h5 38.
Re7 1-0

[Event "22e tournoi de Noël"]
[Site "Montigny le Bretonneux"]
[Date "2023.12.27"]
[Round "2.5"]
[White "Mourgues, Joelle"]
[Black "Claisse, Patrick"]
[Result "1/2-1/2"]
[WhiteElo "1522"]
[BlackElo "1659"]
[Annotator "Rivier,Sylvain"]
[PlyCount "123"]
[EventDate "2023.??.??"]
[WhiteTeam "Saint-Quentin en Yvelines"]
[BlackTeam "CE Le Roi Soleil - Le Chesnay - Versailles"]

{Début Reti} 1. Nf3 c5 2. g3 Nc6 3. d3 Nf6 4. c3 g6 5. Bg2 Bg7 6. Nbd2 d6 7.
O-O O-O 8. e4 Qc7 9. Qc2 Bd7 10. a4 Rac8 11. Nc4 b6 12. Ne3 e6 13. Qe2 d5 14.
Nd2 d4 15. Nc2 e5 16. c4 a6 17. h3 Na7 18. b4 Rfe8 19. b5 a5 20. f4 exf4 21.
gxf4 Be6 22. e5 Bf5 23. Ne4 Nxe4 24. dxe4 Bd7 25. Ne1 Rcd8 26. Nd3 Nc8 27. Bd2
Ne7 28. Be1 f6 29. exf6 Bxf6 30. Qf3 Bc8 31. Bg3 Qd7 32. Rac1 Bb7 33. Qg4 Qxg4
34. hxg4 Nc8 35. Rfe1 Bg7 36. Bh4 Rd7 37. e5 Bxg2 38. Kxg2 h6 39. Rc2 Ne7 40.
Kf3 Kh7 41. Rce2 Bh8 42. Bf6 Ng8 43. Bh4 Rf7 44. Bg3 h5 45. Rh1 Nh6 46. gxh5
Nf5 47. hxg6+ Kxg6 48. Be1 Rg7 49. Reh2 Rgg8 50. Bh4 Bg7 51. Rg2+ Kf7 52. Bf2
Rh8 53. Rgh2 Rxh2 54. Rxh2 Rh8 55. Rxh8 Bxh8 56. Ke4 Ke6 57. Ne1 Bg7 58. Nf3
Bh6 59. Be1 Ne3 60. Nd2 Bxf4 61. Kxf4 Ng2+ 62. Ke4 1/2-1/2